<?xml version="1.0" encoding="UTF-8"?>
<record
    xmlns:xsi="http://www.w3.org/2001/XMLSchema-instance"
    xsi:schemaLocation="http://www.loc.gov/MARC21/slim http://www.loc.gov/standards/marcxml/schema/MARC21slim.xsd"
    xmlns="http://www.loc.gov/MARC21/slim">

  <leader>00828nam a2200229Ia 4500</leader>
  <controlfield tag="003">GCL</controlfield>
  <controlfield tag="005">20240530110859.0</controlfield>
  <controlfield tag="008">140319s1999    ua            000 0 ara d</controlfield>
  <datafield tag="016" ind1=" " ind2=" ">
    <subfield code="a">1999/10829</subfield>
    <subfield code="2">&#x645;&#x635;&#x631;. &#x62F;&#x627;&#x631; &#x627;&#x644;&#x643;&#x62A;&#x628;</subfield>
  </datafield>
  <datafield tag="020" ind1=" " ind2=" ">
    <subfield code="a">9770163716</subfield>
  </datafield>
  <datafield tag="040" ind1=" " ind2=" ">
    <subfield code="a">GCL / </subfield>
    <subfield code="c">GCL</subfield>
  </datafield>
  <datafield tag="082" ind1="0" ind2="4">
    <subfield code="a">303.482/</subfield>
    <subfield code="b">&#x645; &#x642;</subfield>
  </datafield>
  <datafield tag="100" ind1="0" ind2=" ">
    <subfield code="a">&#x645;&#x64A;&#x644;&#x627;&#x62F; &#x62D;&#x646;&#x627;</subfield>
  </datafield>
  <datafield tag="245" ind1="1" ind2="0">
    <subfield code="a">&#x642;&#x628;&#x648;&#x644; &#x627;&#x644;&#x627;&#x62E;&#x631; / </subfield>
    <subfield code="c">&#x645;&#x64A;&#x644;&#x627;&#x62F; &#x62D;&#x646;&#x627;</subfield>
  </datafield>
  <datafield tag="260" ind1=" " ind2=" ">
    <subfield code="a">&#x627;&#x644;&#x642;&#x627;&#x647;&#x631;&#x629; :</subfield>
    <subfield code="b">&#x627;&#x644;&#x647;&#x64A;&#x626;&#x629; &#x627;&#x644;&#x645;&#x635;&#x631;&#x64A;&#x629; &#x627;&#x644;&#x639;&#x627;&#x645;&#x629; &#x644;&#x644;&#x643;&#x62A;&#x627;&#x628;&#x60C;</subfield>
    <subfield code="c">1999.</subfield>
  </datafield>
  <datafield tag="300" ind1=" " ind2=" ">
    <subfield code="a">210 &#x635;. &#x61B;</subfield>
    <subfield code="c">24 &#x633;&#x645;.</subfield>
  </datafield>
  <datafield tag="490" ind1="0" ind2=" ">
    <subfield code="a">&#x645;&#x647;&#x631;&#x62C;&#x627;&#x646; &#x627;&#x644;&#x642;&#x631;&#x627;&#x621;&#x629; &#x644;&#x644;&#x62C;&#x645;&#x64A;&#x639; : &#x645;&#x643;&#x62A;&#x628;&#x629; &#x627;&#x644;&#x627;&#x633;&#x631;&#x629; : &#x633;&#x644;&#x633;&#x644;&#x629; &#x627;&#x644;&#x627;&#x639;&#x645;&#x627;&#x644; &#x627;&#x644;&#x641;&#x643;&#x631;&#x64A;&#x629;.</subfield>
  </datafield>
  <datafield tag="650" ind1="0" ind2="7">
    <subfield code="2">qrmak</subfield>
    <subfield code="a">&#x627;&#x644;&#x62A;&#x63A;&#x64A;&#x631; &#x627;&#x644;&#x627;&#x62C;&#x62A;&#x645;&#x627;&#x639;&#x649;</subfield>
  </datafield>
  <datafield tag="650" ind1="0" ind2="7">
    <subfield code="2">qrmak</subfield>
    <subfield code="a">&#x627;&#x644;&#x627;&#x62D;&#x648;&#x627;&#x644; &#x627;&#x644;&#x627;&#x62C;&#x62A;&#x645;&#x627;&#x639;&#x64A;&#x629;</subfield>
  </datafield>
  <datafield tag="650" ind1="0" ind2="7">
    <subfield code="2">qrmak</subfield>
    <subfield code="a">&#x642;&#x628;&#x648;&#x644; &#x627;&#x644;&#x627;&#x62E;&#x631;</subfield>
  </datafield>
  <datafield tag="942" ind1=" " ind2=" ">
    <subfield code="2">ddc</subfield>
    <subfield code="c">BK</subfield>
  </datafield>
  <datafield tag="999" ind1=" " ind2=" ">
    <subfield code="c">66100</subfield>
    <subfield code="d">66100</subfield>
  </datafield>
  <datafield tag="952" ind1=" " ind2=" ">
    <subfield code="0">0</subfield>
    <subfield code="1">0</subfield>
    <subfield code="2">ddc</subfield>
    <subfield code="4">0</subfield>
    <subfield code="7">0</subfield>
    <subfield code="a">CAI</subfield>
    <subfield code="b">CAI</subfield>
    <subfield code="c">&#x627;&#x644;&#x639;&#x644;&#x648;&#x645; &#x627;&#x644;&#x627;&#x62C;&#x62A;&#x645;&#x627;&#x639;&#x64A;&#x629;-&#x639;&#x631;&#x628;&#x649;</subfield>
    <subfield code="d">2022-01-31</subfield>
    <subfield code="l">0</subfield>
    <subfield code="o">303.482/ &#x645; &#x642;</subfield>
    <subfield code="p">167325</subfield>
    <subfield code="r">2022-01-31 00:00:00</subfield>
    <subfield code="w">2022-01-31</subfield>
    <subfield code="y">BK</subfield>
  </datafield>
</record>
